[Event "Tradewise Gibraltar 2016 - Chalengers A"]
[Site "Gibraltar ENG"]
[Date "2016.01.28"]
[Round "4.13"]
[White "Roman Lopez, Jesus"]
[Black "Har-Even, Abir"]
[Result "0-1"]
[WhiteElo "1984"]
[BlackElo "2094"]
[PlyCount "200"]
[EventDate "2016.01.25"]
[EventType "swiss"]
[EventRounds "5"]
[EventCountry "ENG"]
[Source "lmi"]
[SourceDate "2016.01.25"]

1. d4 d6 2. e4 Nf6 3. Nc3 c6 4. Nf3 Bg4 5. Be2 e6 6. O-O Be7 7. a4 O-O 8. Re1
d5 9. exd5 cxd5 10. h3 Bh5 11. Ne5 Bxe2 12. Nxe2 Nbd7 13. Bf4 Rc8 14. Qd3 Nxe5
15. Bxe5 Nd7 16. Bh2 Qb6 17. c3 a5 18. Kh1 Nf6 19. f3 g6 20. Be5 Nd7 21. Bh2
Rfd8 22. Rab1 Rc6 23. Nf4 Nf6 24. Qd2 Rdc8 25. g4 Bd6 26. Nd3 Bxh2 27. Kxh2 Nd7
28. Qh6 Qb3 29. Qd2 Qxa4 30. Nf4 Qb5 31. h4 Qb6 32. Kh3 Qd8 33. Re2 Qf6 34.
Rbe1 a4 35. Kg3 a3 36. bxa3 Rxc3 37. Re3 Rc2 38. Qb4 Nf8 39. g5 Qg7 40. Ne2
R2c7 41. f4 Nd7 42. Qd6 Qf8 43. Qxf8+ Kxf8 44. Rb3 Ke7 45. h5 b6 46. hxg6 hxg6
47. Rh1 Rc2 48. Kf3 Ra2 49. Rc1 Rxc1 50. Nxc1 Rh2 51. Nd3 Kd6 52. Kg3 Re2 53.
Kf3 Re4 54. Rb4 Kc7 55. a4 Nb8 56. Ne5 Nc6 57. Nxc6 Kxc6 58. Kg3 Re3+ 59. Kf2
Rc3 60. Ke2 Rc4 61. Rxc4+ dxc4 62. Kd2 Kd6 63. Kc2 Kc6 64. Kd2 Kd6 65. Kc2 Kd5
66. Kc3 Ke4 67. Kxc4 Kxf4 68. Kb5 Kxg5 69. Kxb6 f5 70. a5 f4 71. a6 f3 72. a7
f2 73. a8=Q f1=Q 74. Qd8+ Qf6 75. Qd6 Kf5 76. Kc5 g5 77. Kc4 g4 78. Qg3 e5 79.
d5 Qa6+ 80. Kc5 Qc8+ 81. Kd6 Qd8+ 82. Kc6 Qe8+ 83. Kd6 e4 84. Qf2+ Kg5 85. Qe3+
Kh5 86. Kc7 Qf7+ 87. Kc6 Qe8+ 88. Kc7 Qf7+ 89. Kc6 Qf3 90. Qd4 e3 91. Qh8+ Kg5
92. Qg7+ Kf4 93. Qd4+ Kg3 94. Qe5+ Kg2 95. Kb6 e2 96. d6 Qf2+ 97. Kc7 e1=Q 98.
Qd5+ Kg1 99. d7 Qc3+ 100. Qc6 Qxc6+ 0-1

[Event "Tradewise Gibraltar 2016 - Chalengers A"]
[Site "Gibraltar ENG"]
[Date "2016.01.28"]
[Round "4.14"]
[White "Suez-Panama, Gilles"]
[Black "Midonet, Matthieu"]
[Result "0-1"]
[WhiteElo "2032"]
[BlackElo "2211"]
[PlyCount "98"]
[EventDate "2016.01.25"]
[EventType "swiss"]
[EventRounds "5"]
[EventCountry "ENG"]
[Source "lmi"]
[SourceDate "2016.01.25"]

1. Nf3 Nf6 2. c4 e6 3. Nc3 d5 4. d4 c6 5. g3 dxc4 6. Bg2 b5 7. O-O Bb7 8. a4 a6
9. Ne5 Qb6 10. e4 Nbd7 11. Be3 Qc7 12. Bf4 Nxe5 13. Bxe5 Qb6 14. axb5 cxb5 15.
Bxf6 gxf6 16. d5 O-O-O 17. Qf3 f5 18. Qh5 fxe4 19. Bxe4 Qc7 20. dxe6 fxe6 21.
Bxb7+ Qxb7 22. Qe5 Bd6 23. Qxe6+ Kb8 24. Rfd1 Rhe8 25. Qh6 Bb4 26. Qf4+ Ka8 27.
Rxd8+ Rxd8 28. Qf6 Rd6 29. Qh8+ Ka7 30. Qe5 Kb6 31. Qe3+ Bc5 32. Qe5 Qf3 33.
Ne4 Rd1+ 34. Rxd1 Qxd1+ 35. Kg2 Qd4 36. Qb8+ Ka5 37. Qc7+ Bb6 38. Qxh7 Qxb2 39.
Qf5 c3 40. Qe5 Qb4 41. Qxc3 Qxc3 42. Nxc3 b4 43. Nb1 Kb5 44. Kf1 a5 45. Ke2 a4
46. f4 a3 47. Nd2 Ka4 48. Nc4 Bd4 49. Kd3 a2 0-1

[Event "Tradewise Gibraltar 2016 - Chalengers A"]
[Site "Gibraltar ENG"]
[Date "2016.01.28"]
[Round "4.15"]
[White "Maloberti, David"]
[Black "Pinho, Paulo"]
[Result "0-1"]
[WhiteElo "2006"]
[BlackElo "2197"]
[PlyCount "36"]
[EventDate "2016.01.25"]
[EventType "swiss"]
[EventRounds "5"]
[EventCountry "ENG"]
[Source "lmi"]
[SourceDate "2016.01.25"]

1. d4 Nf6 2. c4 c5 3. d5 e5 4. Nc3 d6 5. e4 Be7 6. Bd3 Nbd7 7. Be3 a6 8. f3 h5
9. Qe2 h4 10. Nh3 Nf8 11. f4 exf4 12. Bxf4 Ng6 13. e5 Bxh3 14. Bxg6 Bg4 15.
exf6 Bxe2 16. fxe7 Qxe7 17. Bxf7+ Kxf7 18. Nxe2 Rae8 0-1

[Event "Tradewise Gibraltar 2016 - Chalengers A"]
[Site "Gibraltar ENG"]
[Date "2016.01.28"]
[Round "4.16"]
[White "Burke, Mitchell R"]
[Black "Gonzalez Gonzalez, Alfonso"]
[Result "0-1"]
[WhiteElo "2002"]
[BlackElo "2173"]
[PlyCount "74"]
[EventDate "2016.01.25"]
[EventType "swiss"]
[EventRounds "5"]
[EventCountry "ENG"]
[Source "lmi"]
[SourceDate "2016.01.25"]

1. e4 c5 2. Nc3 e6 3. f4 d5 4. Nf3 d4 5. Bb5+ Bd7 6. Bxd7+ Nxd7 7. Ne2 Ne7 8.
O-O Nc6 9. d3 Be7 10. Qe1 Nb4 11. Qd1 Qb6 12. a3 Nc6 13. Qe1 g6 14. Qg3 f6 15.
Qh3 Nd8 16. Kh1 Nf7 17. Nd2 f5 18. exf5 exf5 19. Nc4 Qf6 20. Qf3 Rb8 21. Na5
Qa6 22. b4 O-O 23. Nb3 b6 24. Re1 Rfe8 25. Bd2 Nf6 26. bxc5 bxc5 27. Ba5 Rxb3
28. cxb3 Qxa5 29. Qc6 Nd8 30. Qc8 Bd6 31. b4 cxb4 32. Nxd4 Rxe1+ 33. Rxe1 bxa3
34. Qc4+ Kg7 35. Ne6+ Nxe6 36. Qxe6 Qd5 37. Qe2 Qd4 0-1

[Event "Tradewise Gibraltar 2016 - Chalengers A"]
[Site "Gibraltar ENG"]
[Date "2016.01.28"]
[Round "4.17"]
[White "Mottonen, Ari"]
[Black "Ranaivoharisoa, Alain"]
[Result "0-1"]
[WhiteElo "1981"]
[BlackElo "2160"]
[PlyCount "113"]
[EventDate "2016.01.25"]
[EventType "swiss"]
[EventRounds "5"]
[EventCountry "ENG"]
[Source "lmi"]
[SourceDate "2016.01.25"]

1. Nf3 b6 2. g3 Bb7 3. Bg2 c5 4. O-O Nf6 5. c4 e6 6. Nc3 Be7 7. e3 O-O 8. d4 d6
9. d5 Ne8 10. e4 Nd7 11. dxe6 fxe6 12. Qe2 Nc7 13. b3 Bf6 14. Bb2 Qe7 15. Rad1
Rad8 16. Rd2 Ba8 17. Ne1 Bd4 18. Nc2 e5 19. Kh1 Rde8 20. Ne3 Bxe3 21. Qxe3 Ne6
22. f4 exf4 23. gxf4 Nd4 24. Qh3 Nf6 25. Nd5 Bxd5 26. exd5 Ne4 27. Bxe4 Qxe4+
28. Qg2 Nf5 29. Qxe4 Rxe4 30. Rg2 g6 31. Bc1 Rfe8 32. Kg1 Kf7 33. Rc2 Nd4 34.
Rcf2 Kf6 35. Bb2 Kf5 36. Bxd4 Rxd4 37. Kg2 Re3 38. Rf3 Rxf3 39. Rxf3 Rd2+ 40.
Kg3 Ke4 41. Rf1 Rxa2 42. Re1+ Kf5 43. Re6 Ra3 44. Rxd6 Rxb3+ 45. Kf2 Rc3 46.
Rd7 Kxf4 47. Rxa7 Rc2+ 48. Ke1 Rxc4 49. d6 Re4+ 50. Kf2 Rd4 51. d7 Kf5 52. Rb7
c4 53. Ke3 Rd3+ 54. Ke2 Rd6 55. Ke3 Ke6 56. Rxb6 Kxd7 57. Rb7+ 0-1

[Event "Tradewise Gibraltar 2016 - Chalengers A"]
[Site "Gibraltar ENG"]
[Date "2016.01.28"]
[Round "4.18"]
[White "Bryant, Richard B E"]
[Black "Nordquelle, Daniel"]
[Result "1-0"]
[WhiteElo "1961"]
[BlackElo "2102"]
[PlyCount "75"]
[EventDate "2016.01.25"]
[EventType "swiss"]
[EventRounds "5"]
[EventCountry "ENG"]
[Source "lmi"]
[SourceDate "2016.01.25"]

1. e4 e6 2. d4 d5 3. Nc3 Bb4 4. e5 c5 5. a3 Bxc3+ 6. bxc3 Qc7 7. Nf3 Nc6 8. Be2
Bd7 9. a4 O-O-O 10. O-O f6 11. Ba3 c4 12. Bd6 Qa5 13. Qd2 Nge7 14. Bb4 Qc7 15.
Bd6 Qa5 16. Bb4 Qa6 17. Rfb1 Nf5 18. a5 fxe5 19. dxe5 Be8 20. Qf4 Bh5 21. g4 g5
22. Nxg5 Rdg8 23. Kf1 h6 24. Nh3 Bg6 25. gxf5 Bxf5 26. Qe3 Bxc2 27. Rb2 Be4 28.
f3 Bf5 29. Nf4 Rg5 30. Bd6 Rhg8 31. Kf2 h5 32. Qc5 h4 33. Be7 R5g7 34. Bf6 Rf7
35. Nxd5 exd5 36. Qxd5 Nd8 37. Qxc4+ Qc6 38. Bxd8 1-0

[Event "Tradewise Gibraltar 2016 - Chalengers A"]
[Site "Gibraltar ENG"]
[Date "2016.01.28"]
[Round "4.19"]
[White "Weeramantry, Sunil"]
[Black "Samaganova, Alexandra"]
[Result "0-1"]
[WhiteElo "2099"]
[BlackElo "1992"]
[PlyCount "58"]
[EventDate "2016.01.25"]
[EventType "swiss"]
[EventRounds "5"]
[EventCountry "ENG"]
[Source "lmi"]
[SourceDate "2016.01.25"]

1. e4 c5 2. Nc3 e6 3. f4 a6 4. Nf3 d5 5. exd5 exd5 6. d4 cxd4 7. Nxd4 Nf6 8.
Be2 Nc6 9. Be3 Bb4 10. O-O Qe7 11. Qd3 Bc5 12. Rae1 O-O 13. Bf3 Rd8 14. Kh1 Nb4
15. Qd1 Ne4 16. Bg1 f5 17. g4 Qh4 18. a3 Bxd4 19. Bxd4 Ng3+ 20. Kg2 Nxf1 21.
axb4 Nxh2 22. Bxd5+ Kh8 23. Rh1 Qxg4+ 24. Kxh2 Qxf4+ 25. Kg1 Rd6 26. Bf2 Bd7
27. Qf3 Qg5+ 28. Kf1 Qc1+ 29. Nd1 Bc6 0-1

[Event "Tradewise Gibraltar 2016 - Chalengers A"]
[Site "Gibraltar ENG"]
[Date "2016.01.28"]
[Round "4.20"]
[White "Kozarcanin, Sead"]
[Black "Mashayekh, Majid"]
[Result "1-0"]
[WhiteElo "2073"]
[BlackElo "1945"]
[PlyCount "110"]
[EventDate "2016.01.25"]
[EventType "swiss"]
[EventRounds "5"]
[EventCountry "ENG"]
[Source "lmi"]
[SourceDate "2016.01.25"]

1. e4 c5 2. Ne2 Nc6 3. Nbc3 g6 4. g3 Bg7 5. Bg2 d6 6. d3 e6 7. Be3 Nd4 8. f4
Rb8 9. Bf2 Ne7 10. Nxd4 cxd4 11. Ne2 Nc6 12. O-O O-O 13. c3 dxc3 14. bxc3 Qa5
15. d4 d5 16. Qb3 Rd8 17. Nc1 b6 18. Rd1 Ba6 19. exd5 exd5 20. Nd3 Rbc8 21. Qb2
Bf8 22. a4 Bxd3 23. Rxd3 Qa6 24. Qb5 Qxb5 25. axb5 Na5 26. f5 Kg7 27. Rf3 f6
28. fxg6 hxg6 29. g4 Rc7 30. h4 Nb3 31. Ra2 Bd6 32. h5 Na5 33. hxg6 Kxg6 34.
Bh4 Rf8 35. Raf2 Be7 36. Re2 Rf7 37. Be1 Nc4 38. Rf5 Nd6 39. Rxd5 Nc4 40. Bg3
Rc8 41. Be4+ Kg7 42. Rh5 Nd6 43. Bd5 Rxc3 44. Be1 Rc7 45. Bxf7 Nxf7 46. Rd5 Bd6
47. Re6 Bf4 48. Rc6 Re7 49. Bb4 Be3+ 50. Kg2 Re4 51. Kf3 Re8 52. Rd7 Kg6 53.
Bc3 Ng5+ 54. Kg3 Ne4+ 55. Kg2 Rh8 1-0

[Event "Tradewise Gibraltar 2016 - Chalengers A"]
[Site "Gibraltar ENG"]
[Date "2016.01.28"]
[Round "4.21"]
[White "Mircov, Nicola-Alexandru"]
[Black "Ungureanu, Sandu"]
[Result "0-1"]
[WhiteElo "1944"]
[BlackElo "2051"]
[PlyCount "88"]
[EventDate "2016.01.25"]
[EventType "swiss"]
[EventRounds "5"]
[EventCountry "ENG"]
[Source "lmi"]
[SourceDate "2016.01.25"]

1. e4 c6 2. d4 d5 3. exd5 cxd5 4. c4 Nc6 5. Nc3 Nf6 6. Nf3 Bg4 7. cxd5 Nxd5 8.
Qb3 Nxc3 9. bxc3 Bxf3 10. gxf3 Qb6 11. Qxb6 axb6 12. d5 Na7 13. Be3 Nc8 14.
Bb5+ Kd8 15. a4 g6 16. Kd2 Bg7 17. Rhe1 h5 18. Kc2 Bf6 19. Bf1 Kc7 20. Reb1 Ra5
21. Bc4 Be5 22. d6+ Bxd6 23. Bxf7 Rf8 24. Bxg6 Rxf3 25. h4 Rh3 26. Bg5 Be5 27.
Bxh5 Rxc3+ 28. Kd2 Rd5+ 29. Ke1 Rcc5 30. Ra2 Bf6 31. f4 Rd4 32. Rh2 Nd6 33. Bd1
Nf5 34. Rb5 Bxg5 35. hxg5 Rxf4 36. Rf2 Rxf2 37. Kxf2 Nd6 38. Rxc5+ bxc5 39. g6
Ne8 40. Bb3 Kb6 41. Ke3 Ka5 42. Kf4 Kb4 43. Bf7 Ng7 44. Kg5 c4 0-1

[Event "Tradewise Gibraltar 2016 - Chalengers A"]
[Site "Gibraltar ENG"]
[Date "2016.01.28"]
[Round "4.22"]
[White "Cramling Bellon, Anna"]
[Black "Milnes, Anthony C P"]
[Result "1/2-1/2"]
[WhiteElo "1830"]
[BlackElo "2038"]
[PlyCount "56"]
[EventDate "2016.01.25"]
[EventType "swiss"]
[EventRounds "5"]
[EventCountry "ENG"]
[Source "lmi"]
[SourceDate "2016.01.25"]

1. d4 e6 2. Nf3 f5 3. d5 Bd6 4. Nc3 Nf6 5. dxe6 dxe6 6. e4 Nxe4 7. Nxe4 fxe4 8.
Ng5 O-O 9. Qh5 h6 10. Nxe4 Qe8 11. Qxe8 Rxe8 12. Bc4 b6 13. O-O Ba6 14. Bxa6
Nxa6 15. Bd2 Rad8 16. Rad1 Nc5 17. Nxc5 Bxc5 18. Bc3 Rd5 19. Rd2 Rf8 20. b4 Bd6
21. Re1 Rxd2 22. Bxd2 Kf7 23. Bc3 Rd8 24. g3 Be7 25. Re4 Bf6 26. Rc4 Rd7 27.
Kg2 Ke7 28. Rc6 Bxc3 1/2-1/2

[Event "Tradewise Gibraltar 2016 - Chalengers A"]
[Site "Gibraltar ENG"]
[Date "2016.01.28"]
[Round "4.23"]
[White "Verneuil, Pascal"]
[Black "Petersson, Baldur Teodor"]
[Result "0-1"]
[WhiteElo "2205"]
[BlackElo "1980"]
[PlyCount "114"]
[EventDate "2016.01.25"]
[EventType "swiss"]
[EventRounds "5"]
[EventCountry "ENG"]
[Source "lmi"]
[SourceDate "2016.01.25"]

1. e4 c5 2. b3 e6 3. Nf3 a6 4. Bb2 Qc7 5. g3 b6 6. Bg2 Bb7 7. d3 d6 8. O-O Nd7
9. Nbd2 Ngf6 10. Re1 Be7 11. d4 cxd4 12. Nxd4 O-O 13. c4 Rfe8 14. Rc1 Rad8 15.
b4 Qb8 16. Qb3 Bf8 17. h3 Qa8 18. a3 d5 19. e5 dxc4 20. Bxb7 Qxb7 21. Nxc4 Nd5
22. Nf3 a5 23. Ng5 axb4 24. Qd3 g6 25. Nd6 Nxe5 26. Bxe5 Bxd6 27. Ba1 Be7 28.
Ne4 Nc3 29. Qf3 Nxe4 30. Rxe4 f5 31. Re3 Qxf3 32. Rxf3 bxa3 33. g4 Bc5 34. Bf6
Rd2 35. Re1 Kf7 36. Bc3 Rc2 37. Ba1 a2 38. Rd1 b5 39. Kg2 b4 40. Kg3 Ke7 41. g5
Bd6+ 42. Kg2 e5 43. Rfd3 Rc6 44. Rd5 Ke6 45. Ra5 b3 46. Rb5 Rc2 47. Rxb3 Rec8
48. Rb6 R8c6 49. Rxc6 Rxc6 50. Rd2 Ra6 51. Rc2 e4 52. Rc8 Kd5 53. Rd8 Kc4 54.
Rd7 Kb3 55. Rxh7 Bb4 56. Rc7 Rd6 57. Rc1 Rd3 0-1

[Event "Tradewise Gibraltar 2016 - Chalengers A"]
[Site "Gibraltar ENG"]
[Date "2016.01.28"]
[Round "4.24"]
[White "Marcos Herrero, Francisco"]
[Black "Gueler, Sebastian"]
[Result "0-1"]
[WhiteElo "1982"]
[BlackElo "2189"]
[PlyCount "63"]
[EventDate "2016.01.25"]
[EventType "swiss"]
[EventRounds "5"]
[EventCountry "ENG"]
[Source "lmi"]
[SourceDate "2016.01.25"]

1. d4 d5 2. c4 e6 3. Nf3 c6 4. g3 dxc4 5. Bg2 b5 6. O-O Bb7 7. a4 a6 8. b3 cxb3
9. Qxb3 Nf6 10. Rd1 Be7 11. Ne5 Qb6 12. Nc3 O-O 13. e4 Nbd7 14. Be3 Qc7 15. Nd3
e5 16. axb5 cxb5 17. Rac1 Qb8 18. Nd5 Nxd5 19. exd5 exd4 20. Bxd4 Bd6 21. Nb4
Qd8 22. Nc6 Qg5 23. Qd3 Nf6 24. Bc5 Bxc5 25. Rxc5 Nd7 26. Rc2 Rfe8 27. Bh3 Ne5
28. Qc3 Qh5 29. g4 Nxg4 30. Qf3 Qg6 31. Bxg4 Qxc2 32. Bd7 0-1

[Event "Tradewise Gibraltar 2016 - Chalengers A"]
[Site "Gibraltar ENG"]
[Date "2016.01.28"]
[Round "4.25"]
[White "Adebajo, Olufemi"]
[Black "Lung, Liviu-Catalin"]
[Result "0-1"]
[WhiteElo "1963"]
[BlackElo "2141"]
[PlyCount "76"]
[EventDate "2016.01.25"]
[EventType "swiss"]
[EventRounds "5"]
[EventCountry "ENG"]
[Source "lmi"]
[SourceDate "2016.01.25"]

1. e4 c6 2. d3 d5 3. Nd2 e5 4. Ngf3 Nd7 5. g3 Ngf6 6. Bg2 Bc5 7. O-O O-O 8. Qe2
Re8 9. a4 a5 10. Nh4 dxe4 11. Nxe4 Nxe4 12. dxe4 Nf8 13. Be3 Qb6 14. Bxc5 Qxc5
15. Rad1 Be6 16. b3 b5 17. axb5 cxb5 18. Nf5 a4 19. Nd6 Reb8 20. bxa4 bxa4 21.
Qe3 Qxc2 22. Rc1 Qb2 23. f4 Qb6 24. Qxb6 Rxb6 25. fxe5 a3 26. Nf5 a2 27. Ne7+
Kh8 28. Nd5 Rb2 29. Ra1 Nd7 30. Nc7 Rc8 31. Nxe6 fxe6 32. Bh3 Rcc2 33. Rfd1 Nf8
34. Rd8 Rb1+ 35. Bf1 Kg8 36. Rd1 Rxa1 37. Rxa1 Rb2 38. Bd3 Nd7 0-1

[Event "Tradewise Gibraltar 2016 - Chalengers A"]
[Site "Gibraltar ENG"]
[Date "2016.01.28"]
[Round "4.26"]
[White "George, Lolomari Erekosima"]
[Black "Wilen, Eero"]
[Result "0-1"]
[WhiteElo "1937"]
[BlackElo "2065"]
[PlyCount "62"]
[EventDate "2016.01.25"]
[EventType "swiss"]
[EventRounds "5"]
[EventCountry "ENG"]
[Source "lmi"]
[SourceDate "2016.01.25"]

1. Nf3 c5 2. g3 Nf6 3. Bg2 g6 4. O-O Bg7 5. c4 Nc6 6. Nc3 d5 7. cxd5 Nxd5 8.
Qb3 Nc7 9. Qc4 b6 10. d3 Bb7 11. h4 h6 12. Bd2 O-O 13. Rab1 Qd7 14. Rfc1 Rfd8
15. a3 Na5 16. Qa2 c4 17. Bf4 Ne6 18. dxc4 Nxf4 19. gxf4 Rac8 20. Rd1 Qe6 21.
Nb5 a6 22. Nbd4 Bxd4 23. Nxd4 Qg4 24. e4 Rxc4 25. f3 Qxf4 26. Ne2 Qe3+ 27. Kf1
Rxd1+ 28. Rxd1 Rc2 29. Re1 Nc4 30. Bh1 Nd2+ 31. Kg2 Nxf3 0-1

[Event "Tradewise Gibraltar 2016 - Chalengers A"]
[Site "Gibraltar ENG"]
[Date "2016.01.28"]
[Round "4.28"]
[White "Lafortune, Emerick"]
[Black "Goncalves, Jose Antonio Silvei"]
[Result "1-0"]
[WhiteElo "1923"]
[BlackElo "1984"]
[PlyCount "75"]
[EventDate "2016.01.25"]
[EventType "swiss"]
[EventRounds "5"]
[EventCountry "ENG"]
[Source "lmi"]
[SourceDate "2016.01.25"]

1. Nf3 d5 2. c4 d4 3. g3 c5 4. e3 Nc6 5. exd4 Nxd4 6. Nxd4 Qxd4 7. Nc3 Nf6 8.
d3 Bg4 9. Qa4+ Bd7 10. Qc2 Bc6 11. Rg1 e5 12. Be3 Qd7 13. O-O-O Be7 14. Bg2 O-O
15. Bxc6 Qxc6 16. Qe2 Rfe8 17. f3 a6 18. g4 b5 19. g5 Nh5 20. Rg4 Bd8 21. Qf2
Rc8 22. Nd5 f5 23. gxf6 Nxf6 24. Nxf6+ Bxf6 25. Rdg1 Re7 26. h4 Rf8 27. Bxc5
Bxh4 28. Qg2 Qh6+ 29. Kb1 Rff7 30. Bxe7 Bxe7 31. Qf2 Qc6 32. Qg3 g6 33. Qxe5
Bd6 34. Qe4 Qd7 35. b3 Kf8 36. Qa8+ Ke7 37. Qd5 Rf5 38. Qd4 1-0

[Event "Tradewise Gibraltar 2016 - Chalengers A"]
[Site "Gibraltar ENG"]
[Date "2016.01.28"]
[Round "4.30"]
[White "Slinger, Tony J"]
[Black "Gostelow, David W"]
[Result "1/2-1/2"]
[WhiteElo "1915"]
[BlackElo "2023"]
[PlyCount "60"]
[EventDate "2016.01.25"]
[EventType "swiss"]
[EventRounds "5"]
[EventCountry "ENG"]
[Source "lmi"]
[SourceDate "2016.01.25"]

1. c4 e5 2. Nc3 Nf6 3. g3 d5 4. cxd5 Nxd5 5. Bg2 Nb6 6. Nf3 Nc6 7. O-O Be7 8.
d3 Be6 9. a3 O-O 10. b4 f6 11. Bb2 Qd7 12. Re1 Rad8 13. Rc1 Rf7 14. Na4 Nxa4
15. Qxa4 a6 16. Nd2 Bd5 17. Bxd5 Qxd5 18. Qc2 Bf8 19. Ne4 Nd4 20. Bxd4 exd4 21.
Qc4 c6 22. Rc2 f5 23. Nc5 Bxc5 24. Qxc5 f4 25. Qxd5 Rxd5 26. Kg2 Re5 27. f3 g5
28. Kf2 Kg7 29. Rc4 Rd5 30. Rg1 fxg3+ 1/2-1/2

[Event "Tradewise Gibraltar 2016 - Chalengers A"]
[Site "Gibraltar ENG"]
[Date "2016.01.28"]
[Round "4.31"]
[White "Boron, Anthony"]
[Black "Brown, David"]
[Result "1-0"]
[WhiteElo "1915"]
[BlackElo "1982"]
[PlyCount "73"]
[EventDate "2016.01.25"]
[EventType "swiss"]
[EventRounds "5"]
[EventCountry "ENG"]
[Source "lmi"]
[SourceDate "2016.01.25"]

1. d4 d5 2. Bf4 Nf6 3. e3 g6 4. c3 Bg7 5. Be2 O-O 6. Nf3 b6 7. h3 Ne4 8. Nfd2
Nxd2 9. Nxd2 Ba6 10. Qa4 Bxe2 11. Kxe2 c5 12. Rhe1 Qd7 13. Qa3 Qb5+ 14. Kd1 Nd7
15. Qb3 Qc6 16. Nf3 Rad8 17. Ke2 Kh8 18. Kf1 f6 19. Rad1 c4 20. Qc2 e5 21. dxe5
Nxe5 22. Nd4 Qc8 23. Re2 Nd3 24. Bg3 f5 25. Nf3 f4 26. exf4 Nxf4 27. Bxf4 Rxf4
28. Ng5 Rf6 29. Rde1 Bh6 30. Ne6 Re8 31. Nd4 Rxe2 32. Qxe2 Rf7 33. Qe5+ Kg8 34.
Qxd5 Qc5 35. Re8+ Bf8 36. Qxc5 bxc5 37. Ne6 1-0

[Event "Tradewise Gibraltar 2016 - Chalengers A"]
[Site "Gibraltar ENG"]
[Date "2016.01.28"]
[Round "4.33"]
[White "Saber, Yasser"]
[Black "Downey, Keith"]
[Result "1-0"]
[WhiteElo "2230"]
[BlackElo "1838"]
[PlyCount "27"]
[EventDate "2016.01.25"]
[EventType "swiss"]
[EventRounds "5"]
[EventCountry "ENG"]
[Source "lmi"]
[SourceDate "2016.01.25"]

1. d4 Nf6 2. Nf3 e6 3. c4 Bb4+ 4. Nbd2 b6 5. a3 Bxd2+ 6. Qxd2 Bb7 7. e3 O-O 8.
Be2 d6 9. O-O Nbd7 10. b4 Qe7 11. Bb2 c5 12. dxc5 dxc5 13. Rfd1 Ne4 14. Qxd7
1-0

[Event "Tradewise Gibraltar 2016 - Chalengers A"]
[Site "Gibraltar ENG"]
[Date "2016.01.28"]
[Round "4.34"]
[White "Haddock, Paul"]
[Black "Lochte, Szilvia"]
[Result "0-1"]
[WhiteElo "1606"]
[BlackElo "1913"]
[PlyCount "52"]
[EventDate "2016.01.25"]
[EventType "swiss"]
[EventRounds "5"]
[EventCountry "ENG"]
[Source "lmi"]
[SourceDate "2016.01.25"]

1. e4 c5 2. d4 cxd4 3. c3 d5 4. e5 dxc3 5. Nxc3 e6 6. Nf3 Nc6 7. Bb5 Bd7 8. O-O
Nge7 9. Bg5 h6 10. Bxe7 Bxe7 11. Rc1 Qb6 12. Qe2 a6 13. Bd3 Nb4 14. Rfd1 Nxd3
15. Qxd3 O-O 16. Qe2 Bc5 17. a3 Rac8 18. b4 Be7 19. h3 Rc7 20. Rc2 Rfc8 21. Qd2
a5 22. bxa5 Qxa5 23. Nxd5 Qxd5 24. Rxc7 Rxc7 25. Qxd5 exd5 26. Rxd5 Bxa3 0-1

[Event "Tradewise Gibraltar 2016 - Chalengers A"]
[Site "Gibraltar ENG"]
[Date "2016.01.29"]
[Round "5.1"]
[White "Longa Yauca, Javier"]
[Black "Menna Barreto, Felipe Kubiaki"]
[Result "1/2-1/2"]
[WhiteElo "2234"]
[BlackElo "2247"]
[PlyCount "172"]
[EventDate "2016.01.25"]
[EventType "swiss"]
[EventRounds "5"]
[EventCountry "ENG"]
[Source "lmi"]
[SourceDate "2016.01.25"]

1. d4 Nf6 2. Nf3 g6 3. Bg5 Bg7 4. e3 c5 5. c3 b6 6. Nbd2 Bb7 7. Bc4 O-O 8. O-O
d5 9. Bb3 Nbd7 10. a4 Re8 11. a5 b5 12. a6 Bc6 13. Bh4 e5 14. dxe5 Nxe5 15.
Nxe5 Rxe5 16. Nf3 Re8 17. Bc2 Qd7 18. Re1 Ne4 19. Nd2 Nxd2 20. Qxd2 Re6 21. f4
f5 22. Bf2 Rae8 23. e4 d4 24. e5 Qd5 25. Bg3 d3 26. Bd1 c4 27. Bf3 Qd7 28. Bxc6
Rxc6 29. Ra5 Rce6 30. Qe3 g5 31. Qd4 Rd8 32. Qxd7 Rxd7 33. Rxb5 d2 34. Rd1 Rxa6
35. fxg5 Kf7 36. Kf2 Rc6 37. Ke2 a6 38. Ra5 Rb6 39. Rxd2 Rxd2+ 40. Kxd2 Rxb2+
41. Ke3 Rxg2 42. Rxa6 Rxg3+ 43. hxg3 Bxe5 44. Ra5 Bxc3 45. Rxf5+ Kg6 46. Rc5
Be1 47. Kf4 Bd2+ 48. Kg4 c3 49. Rc6+ Kf7 50. Kh5 Ke7 51. Kh6 Kd7 52. Rc4 Ke6
53. Kxh7 Bxg5 54. Rxc3 Kf5 55. Rc4 Be3 56. Ra4 Kg5 57. Kg7 Bf2 58. g4 Be3 59.
Kf7 Bf4 60. Ke6 Kxg4 61. Kd5 Kf5 62. Ra8 Be5 63. Rf8+ Bf6 64. Rf7 Kg6 65. Ke6
Bd4 66. Rf4 Bc3 67. Rg4+ Kh6 68. Kf5 Bb2 69. Rg6+ Kh7 70. Rg2 Bc3 71. Rc2 Bd4
72. Rc4 Bb2 73. Kg5 Be5 74. Re4 Bc3 75. Re7+ Kg8 76. Rc7 Bd4 77. Rc4 Be5 78.
Kf5 Bb2 79. Rc2 Bd4 80. Rc4 Bb2 81. Kg6 Kf8 82. Rc7 Bd4 83. Rf7+ Ke8 84. Rf4
Bc3 85. Rc4 Bb2 86. Rc2 Bd4 1/2-1/2

[Event "Tradewise Gibraltar 2016 - Chalengers A"]
[Site "Gibraltar ENG"]
[Date "2016.01.29"]
[Round "5.3"]
[White "Omoifo, Osemekhian I"]
[Black "Dolzhikova, Olga"]
[Result "1/2-1/2"]
[WhiteElo "2106"]
[BlackElo "2126"]
[PlyCount "94"]
[EventDate "2016.01.25"]
[EventType "swiss"]
[EventRounds "5"]
[EventCountry "ENG"]
[Source "lmi"]
[SourceDate "2016.01.25"]

1. Nf3 d5 2. e3 Nf6 3. b3 Bg4 4. Bb2 e6 5. d3 h6 6. Nbd2 c5 7. h3 Bf5 8. d4 Nc6
9. Bb5 Qb6 10. Bxc6+ bxc6 11. dxc5 Bxc5 12. O-O Be7 13. Ne5 O-O 14. c4 Rfd8 15.
cxd5 exd5 16. Qf3 Be6 17. Rfc1 Rac8 18. Rc2 c5 19. Rac1 a5 20. Qf4 Bd6 21. Qh4
Bf5 22. Nef3 Bxc2 23. Bxf6 gxf6 24. Rxc2 f5 25. Qh5 Be7 26. Ne5 Qe6 27. f4 Bf6
28. Ndf3 Bg7 29. Re2 a4 30. g4 fxg4 31. hxg4 axb3 32. axb3 Ra8 33. g5 Qf5 34.
Rg2 Rd6 35. Kh2 hxg5 36. Rxg5 Qh7 37. Qxh7+ Kxh7 38. Nxf7 Rd7 39. Rf5 Kg8 40.
N7e5 Bxe5 41. Nxe5 Rg7 42. Nf3 Rd7 43. Ne5 Rd6 44. Rf7 Ra3 45. f5 Rxb3 46. f6
Rxf6 47. Rxf6 Rxe3 1/2-1/2

[Event "Tradewise Gibraltar 2016 - Chalengers A"]
[Site "Gibraltar ENG"]
[Date "2016.01.29"]
[Round "5.4"]
[White "Har-Even, Abir"]
[Black "Walton, Alan J"]
[Result "0-1"]
[WhiteElo "2094"]
[BlackElo "2206"]
[PlyCount "100"]
[EventDate "2016.01.25"]
[EventType "swiss"]
[EventRounds "5"]
[EventCountry "ENG"]
[Source "lmi"]
[SourceDate "2016.01.25"]

1. e4 e6 2. d3 d5 3. Nd2 Nf6 4. Ngf3 Be7 5. g3 b5 6. c3 c5 7. e5 Nfd7 8. d4 c4
9. Bg2 Nc6 10. O-O Bb7 11. Re1 Nb6 12. Nf1 h6 13. h4 Kd7 14. N3h2 Qg8 15. Qc2
Qh7 16. Qxh7 Rxh7 17. Bd2 a5 18. a3 Rhh8 19. Ne3 b4 20. axb4 axb4 21. f4 Rxa1
22. Rxa1 Ra8 23. Rxa8 Bxa8 24. f5 Na4 25. Nd1 Bd8 26. Nf1 Bb6 27. Nfe3 b3 28.
Kf1 Nxd4 29. cxd4 Bxd4 30. Bc1 c3 31. bxc3 Nxc3 32. Bb2 Nxd1 33. Nxd1 Bxb2 34.
fxe6+ Kxe6 35. Nxb2 Kxe5 36. Ke2 Kd4 37. Kd2 Bc6 38. Bf1 Bd7 39. Bd3 g6 40. Nd1
Bf5 41. Bxf5 gxf5 42. Nb2 Ke4 43. Ke2 f4 44. g4 f6 45. Kf2 f3 46. Kg3 Ke3 47.
Nd1+ Kd2 48. Nb2 Ke2 49. Na4 f2 50. Nc3+ Kd3 0-1